[Event "ROM-chT2"]
[Site "Mamaia"]
[Date "2015.10.08"]
[Round "6.3"]
[White "Pasarelu, Dan"]
[Black "Petrescu, Georgian Dorin"]
[Result "1-0"]
[WhiteElo "2264"]
[BlackElo "2087"]
[PlyCount "87"]
[EventDate "2015.10.03"]
[EventType "team-tourn"]
[EventRounds "9"]
[EventCountry "ROU"]
[SourceTitle "CBM 169 Extra"]
[Source "ChessBase"]
[SourceDate "2015.12.18"]
[SourceVersion "1"]
[SourceVersionDate "2015.12.18"]
[SourceQuality "1"]
[WhiteTeam "Bucharest Comex"]
[BlackTeam "Brasov CSU"]
[WhiteTeamCountry "ROU"]
[BlackTeamCountry "ROU"]

1. e4 d5 2. exd5 Nf6 3. Bb5+ Bd7 4. Bc4 b5 5. Bb3 a5 6. a3 a4 7. Ba2 Bg4 8. f3 Bc8 9. Nc3 Ba6 10. Nge2 g6 11. Nf4 Bh6 12. Nd3 Qd6 13. Nb4 Bf4 14. Nxa6 Rxa6 15. g3 Bxg3+ 16. hxg3 Qxg3+ 17. Kf1 Ng4 18. Ne4 Nh2+ 19. Rxh2 Qxh2 20. d4 Qh4 21. Ke2 Qh2+ 22. Nf2 Rf6 23. Qh1 Qxh1 24. Nxh1 Nd7 25. Ng3 0-0 26. Bg5 Rb6 27. Kf2 Nf6 28. c3 Rd8 29. Re1 Nxd5 30. Bxe7 Rd7 31. Bg5 Re6 32. Ne4 c6 33. Bxd5 Rxd5 34. Nf6+ Kg7 35. Nxd5 cxd5 36. Rxe6 fxe6 37. Kg3 h6 38. Bd8 Kf7 39. Kf4 Ke8 40. Bf6 Kf7 41. Ke5 g5 42. Bd8 Ke8 43. Bxg5 hxg5 44. Kxe6 1-0

[Event "ROM-chT"]
[Site "Eforie Nord"]
[Date "2002.??.??"]
[Round "4"]
[White "Marin, Mihail"]
[Black "Pasarelu, Dan"]
[Result "1-0"]
[WhiteElo "2551"]
[BlackElo "2359"]
[PlyCount "78"]
[EventDate "2002.??.??"]
[EventType "team"]
[EventRounds "5"]
[EventCountry "ROU"]
[SourceTitle "EXT 2003"]
[Source "ChessBase"]
[SourceDate "2002.11.25"]
[SourceVersion "1"]
[SourceVersionDate "2002.11.25"]
[SourceQuality "1"]

1. c4 Nf6 2. Nc3 d5 3. d4 g6 4. Nf3 Bg7 5. Bf4 c5 6. dxc5 Qa5 7. cxd5 Nxd5 8. Qxd5 Bxc3+ 9. Bd2 Bxd2+ 10. Qxd2 Qxc5 11. Rc1 Qf5 12. Nd4 Qd7 13. Qh6 Nc6 14. Nxc6 bxc6 15. Qg7 Rf8 16. e3 Qd5 17. Qc3 Bd7 18. Rd1 Qg5 19. Qb4 Rd8 20. h4 Qe5 21. Be2 f6 22. 0-0 Rb8 23. Qd2 Be6 24. b3 Kf7 25. Qd4 Qxd4 26. Rxd4 Rfd8 27. Rfd1 Rxd4 28. Rxd4 c5 29. Ra4 Rb7 30. Kf1 Rb4 31. Rxa7 Rxh4 32. Kg1 c4 33. Bxc4 Bxc4 34. Ra4 Rh5 35. Rxc4 Ra5 36. a4 h5 37. Kf1 g5 38. g3 Kg6 39. Rb4 Kf5 1-0

[Event "ROM Supercup"]
[Site "Romania"]
[Date "2001.??.??"]
[Round "?"]
[White "Pasarelu, Dan"]
[Black "Amarita, Andrei"]
[Result "1-0"]
[WhiteElo "2370"]
[BlackElo "2060"]
[PlyCount "79"]
[EventDate "2001.??.??"]
[EventType "tourn"]
[EventRounds "11"]
[EventCountry "ROU"]
[SourceTitle "EXT 2008"]
[Source "ChessBase"]
[SourceDate "2007.11.25"]
[SourceVersion "1"]
[SourceVersionDate "2007.11.25"]
[SourceQuality "1"]

1. e4 e6 2. d4 d5 3. Nc3 Bb4 4. e5 c5 5. a3 Bxc3+ 6. bxc3 Qc7 7. Bd2 Nc6 8. Be3 Nge7 9. Bd3 c4 10. Be2 Bd7 11. f4 0-0-0 12. Nf3 f5 13. Kd2 Rdf8 14. h3 Be8 15. Ng5 Nd8 16. Qe1 h6 17. Nf3 Bh5 18. g4 fxg4 19. Nh4 Bg6 20. Rg1 Be4 21. Bxg4 Rhg8 22. Qe2 Qd7 23. Bf3 Bf5 24. Nxf5 Nxf5 25. Bh5 Qe7 26. Bg6 Nh4 27. Qh5 Nxg6 28. Rxg6 Rf7 29. Qg4 Rh8 30. Rg1 Rh7 31. Rf1 Rf5 32. a4 Kd7 33. Rg1 Rf7 34. Bf2 h5 35. Qf3 Ke8 36. R1g5 h4 37. Be3 Rf8 38. Qg4 Rg8 39. f5 exf5 40. Rxf5 1-0

[Event "ROM Supercup"]
[Site "Romania"]
[Date "2001.??.??"]
[Round "?"]
[White "Pasarelu, Dan"]
[Black "Stefan, Bogdan Liviu"]
[Result "1-0"]
[WhiteElo "2370"]
[BlackElo "2125"]
[PlyCount "65"]
[EventDate "2001.??.??"]
[EventType "tourn"]
[EventRounds "11"]
[EventCountry "ROU"]
[SourceTitle "EXT 2008"]
[Source "ChessBase"]
[SourceDate "2007.11.25"]
[SourceVersion "1"]
[SourceVersionDate "2007.11.25"]
[SourceQuality "1"]

1. e4 c5 2. Nf3 d6 3. d4 cxd4 4. Nxd4 Nf6 5. f3 a6 6. c4 Nc6 7. Be3 g6 8. Nc3 Bg7 9. Qd2 0-0 10. Be2 Nxd4 11. Bxd4 Be6 12. 0-0 Qa5 13. Rfd1 Rfc8 14. b3 Rab8 15. Rac1 Nd7 16. Bxg7 Kxg7 17. Kh1 b5 18. Qb2 Nf6 19. cxb5 axb5 20. b4 Qa7 21. a3 Qf2 22. Rc2 Qe3 23. Bxb5 Bb3 24. Qxb3 Rxb5 25. Qb2 Rh5 26. Qc1 Rxc3 27. Rxc3 Qf2 28. Qe3 Qg3 29. h3 Rg5 30. Rd2 Qh4 31. a4 Nh5 32. Qf2 Rg3 33. f4 1-0

[Event "ROM-chT"]
[Site "Sovata"]
[Date "2000.04.13"]
[Round "1"]
[White "Parligras, Cosmin"]
[Black "Pasarelu, Dan"]
[Result "1/2-1/2"]
[WhiteElo "2273"]
[BlackElo "2302"]
[PlyCount "64"]
[EventDate "2000.04.13"]
[EventType "team"]
[EventRounds "5"]
[EventCountry "ROU"]
[SourceTitle "EXT 2001"]
[Source "ChessBase"]
[SourceDate "2000.11.22"]
[SourceVersion "1"]
[SourceVersionDate "2000.11.22"]
[SourceQuality "1"]

1. e4 e5 2. Nf3 Nc6 3. Nc3 d6 4. d4 exd4 5. Nxd4 Nf6 6. Bb5 Bd7 7. Bxc6 bxc6 8. 0-0 Be7 9. Bg5 0-0 10. Qd3 h6 11. Bh4 Rb8 12. f4 c5 13. Nb3 Bc6 14. Na5 Ba8 15. Bxf6 Bxf6 16. Nc4 Bd4+ 17. Kh1 Re8 18. Rae1 Qh4 19. Re2 Qg4 20. Ne3 Bxe3 21. Rxe3 Rb4 22. h3 Qh4 23. b3 Rd4 24. Qe2 Bc6 25. Kh2 Qe7 26. Re1 f5 27. e5 d5 28. Qf2 Rb4 29. Nb1 Re4 30. Nd2 Rxe3 31. Qxe3 d4 32. Qd3 Qe6 1/2-1/2

[Event "Bucharest TICC"]
[Site "Bucharest"]
[Date "1997.??.??"]
[Round "?"]
[White "Vajda, Szidonia"]
[Black "Pasarelu, Dan"]
[Result "1-0"]
[WhiteElo "2355"]
[BlackElo "2320"]
[PlyCount "41"]
[EventDate "1997.??.??"]
[EventType "tourn"]
[EventRounds "14"]
[EventCountry "ROU"]
[EventCategory "5"]
[SourceTitle "EXT 2001"]
[Source "ChessBase"]
[SourceDate "2000.11.22"]
[SourceVersion "1"]
[SourceVersionDate "2000.11.22"]
[SourceQuality "1"]

1. e4 e5 2. Nf3 Nc6 3. d4 exd4 4. c3 dxc3 5. Bc4 Nf6 6. Nxc3 Bb4 7. e5 d5 8. exf6 Bxc3+ 9. bxc3 Qxf6 10. Bxd5 Qxc3+ 11. Bd2 Qc5 12. Qe2+ Ne7 13. Bb3 0-0 14. 0-0 Ng6 15. Rac1 Qh5 16. Rxc7 Bg4 17. Qe4 Rae8 18. Bxf7+ Rxf7 19. Qxe8+ Rf8 20. Qe4 Bxf3 21. Qe6+ 1-0

[Event "Bucharest Dreptatea"]
[Site "Bucharest"]
[Date "1996.??.??"]
[Round "13"]
[White "Pasarelu, Dan"]
[Black "Berechet, Otiliu"]
[Result "1-0"]
[WhiteElo "2325"]
[BlackElo "2375"]
[PlyCount "92"]
[EventDate "1996.??.??"]
[EventType "tourn"]
[EventRounds "13"]
[EventCountry "ROU"]
[EventCategory "3"]
[SourceTitle "EXT 2004"]
[Source "ChessBase"]
[SourceDate "2003.11.25"]
[SourceVersion "1"]
[SourceVersionDate "2003.11.25"]
[SourceQuality "1"]

1. e4 c5 2. Nf3 e6 3. c4 Nc6 4. Nc3 Nf6 5. Be2 d5 6. exd5 exd5 7. cxd5 Nxd5 8. 0-0 Nc7 9. d4 cxd4 10. Nb5 Ne6 11. Bc4 Bc5 12. Qc2 Bb6 13. Qe4 a6 14. Bg5 Qd7 15. Bxe6 fxe6 16. Nbxd4 Nxd4 17. Rfd1 Nxf3+ 18. Qxf3 Qf7 19. Qa3 Qxf2+ 20. Kh1 Bc5 21. Qa4+ b5 22. Qe4 0-0 23. Qxa8 Qxb2 24. Rac1 Qe5 25. Be7 Bxe7 26. Rxc8 h5 27. Rxf8+ Bxf8 28. Rf1 Qd6 29. Qe8 Qe7 30. Qxh5 Qd7 31. Qf3 Bc5 32. Rd1 Qc7 33. Qa8+ Bf8 34. Rf1 Qd6 35. Qe8 Qe7 36. Qc6 b4 37. Qxa6 e5 38. Qc4+ Kh7 39. Rf7 Qd6 40. Qf1 Kg8 41. Rb7 e4 42. Qf7+ Kh7 43. Rd7 Qc5 44. h4 Qc3 45. Qxf8 Qe1+ 46. Kh2 Qxh4+ 1-0

[Event "Bucharest Dreptatea"]
[Site "Bucharest"]
[Date "1996.??.??"]
[Round "8"]
[White "Pessi, Emil George"]
[Black "Pasarelu, Dan"]
[Result "1-0"]
[WhiteElo "2355"]
[BlackElo "2325"]
[PlyCount "93"]
[EventDate "1996.??.??"]
[EventType "tourn"]
[EventRounds "13"]
[EventCountry "ROU"]
[EventCategory "3"]
[SourceTitle "EXT 2004"]
[Source "ChessBase"]
[SourceDate "2003.11.25"]
[SourceVersion "1"]
[SourceVersionDate "2003.11.25"]
[SourceQuality "1"]

1. e4 e5 2. Nf3 Nc6 3. Bb5 a6 4. Bxc6 dxc6 5. d4 exd4 6. Qxd4 Qxd4 7. Nxd4 Bg4 8. f3 Bd7 9. Nc3 0-0-0 10. Be3 Bb4 11. Nde2 Ne7 12. 0-0-0 f6 13. Na4 Ng6 14. Bc5 Bxc5 15. Nxc5 b6 16. Rxd7 Rxd7 17. Nxd7 Kxd7 18. Rd1+ Kc8 19. Nd4 Ne7 20. Kd2 Rd8 21. Ke2 g6 22. h4 c5 23. Ne6 Re8 24. Kf2 a5 25. Nf4 Nc6 26. g4 a4 27. Nd5 Re6 28. g5 f5 29. exf5 gxf5 30. h5 Ne7 31. Nxe7+ Rxe7 32. Rd5 f4 33. Rf5 Rg7 34. Kg2 c4 35. c3 Kb7 36. a3 Kc6 37. Kh3 Kd6 38. Kg4 Ke6 39. Rxf4 b5 40. Rf6+ Ke7 41. f4 Ke8 42. g6 hxg6 43. hxg6 Rd7 44. Kg5 c5 45. Kh6 Rd2 46. g7 Rh2+ 47. Kg6 1-0

[Event "Bucharest PBP"]
[Site "Bucharest"]
[Date "1995.??.??"]
[Round "3"]
[White "Pasarelu, Dan"]
[Black "Grigore, George Gabriel"]
[Result "1-0"]
[WhiteElo "2280"]
[BlackElo "2445"]
[PlyCount "83"]
[EventDate "1995.??.??"]
[EventType "tourn"]
[EventRounds "14"]
[EventCountry "ROU"]
[SourceTitle "EXT 2002"]
[Source "ChessBase"]
[SourceDate "2001.11.25"]
[SourceVersion "1"]
[SourceVersionDate "2001.11.25"]
[SourceQuality "1"]

1. e4 c5 2. Nf3 Nc6 3. c4 d6 4. d4 Bg4 5. d5 Nd4 6. Be2 Nxe2 7. Qxe2 e5 8. dxe6 fxe6 9. h3 Bh5 10. g4 Bf7 11. Ng5 Qd7 12. Nc3 0-0-0 13. Bd2 Be8 14. f4 h6 15. Nf3 g6 16. 0-0-0 Ne7 17. Nb5 Nc6 18. Bc3 Qh7 19. Bxh8 Qxh8 20. e5 d5 21. cxd5 exd5 22. f5 gxf5 23. gxf5 Bh5 24. f6 a6 25. Na3 c4 26. Nc2 Bc5 27. Rhf1 b5 28. Qh2 Kb7 29. Qf4 Qh7 30. e6 b4 31. e7 Rc8 32. Rxd5 b3 33. Qxc4 Na5 34. Rd7+ Kb6 35. e8Q Qxc2+ 36. Qxc2 Bxe8 37. Rd6+ Ka7 38. Qxc5+ Rxc5+ 39. Kb1 Bg6+ 40. Ka1 bxa2 41. Nd4 Rc7 42. Re1 1-0

[Event "Bucharest PBP"]
[Site "Bucharest"]
[Date "1995.??.??"]
[Round "1"]
[White "Pasarelu, Dan"]
[Black "Tomescu, Vlad"]
[Result "1/2-1/2"]
[WhiteElo "2280"]
[BlackElo "2395"]
[PlyCount "89"]
[EventDate "1995.??.??"]
[EventType "tourn"]
[EventRounds "14"]
[EventCountry "ROU"]
[SourceTitle "EXT 2002"]
[Source "ChessBase"]
[SourceDate "2001.11.25"]
[SourceVersion "1"]
[SourceVersionDate "2001.11.25"]
[SourceQuality "1"]

1. e4 e5 2. Nf3 Nc6 3. Bb5 Nge7 4. 0-0 a6 5. Ba4 d6 6. c3 Ng6 7. d4 Bd7 8. Be3 Be7 9. d5 Nb8 10. c4 0-0 11. Bxd7 Nxd7 12. Nfd2 Bg5 13. Qe2 Bxe3 14. Qxe3 f5 15. exf5 Rxf5 16. Ne4 Qh4 17. Nbd2 Raf8 18. g3 Qd8 19. b4 Ne7 20. Qd3 Nf6 21. f3 h6 22. a4 Qd7 23. a5 Nxe4 24. Nxe4 R5f7 25. b5 Nf5 26. bxa6 bxa6 27. c5 dxc5 28. Nxc5 Qd6 29. Ne6 Re8 30. Rac1 Nd4 31. Nxd4 Qxd5 32. Qxa6 exd4 33. Qc6 Qxc6 34. Rxc6 d3 35. Rd1 Rxf3 36. Rxc7 Re2 37. Rd7 Rff2 38. R7xd3 Rxh2 39. Ra3 Reg2+ 40. Kf1 Ra2 41. Rxa2 Rxa2 42. Rd5 Kf7 43. Kg1 g6 44. Kf1 g5 45. Rd6 1/2-1/2

[Event "Bucharest PBP"]
[Site "Bucharest"]
[Date "1995.??.??"]
[Round "2"]
[White "Sanduleac, Vasile"]
[Black "Pasarelu, Dan"]
[Result "1-0"]
[WhiteElo "2400"]
[BlackElo "2280"]
[PlyCount "55"]
[EventDate "1995.??.??"]
[EventType "tourn"]
[EventRounds "14"]
[EventCountry "ROU"]
[SourceTitle "EXT 2002"]
[Source "ChessBase"]
[SourceDate "2001.11.25"]
[SourceVersion "1"]
[SourceVersionDate "2001.11.25"]
[SourceQuality "1"]

1. e4 e5 2. Nf3 Nc6 3. Bc4 Be7 4. d4 exd4 5. Nxd4 d6 6. Nxc6 bxc6 7. Qh5 g6 8. Qf3 Nf6 9. Nc3 Bg4 10. Qg3 Qd7 11. 0-0 h5 12. e5 h4 13. Qe3 Nh7 14. exd6 cxd6 15. Re1 Nf8 16. Qd4 Rh5 17. Ne4 Be6 18. Be2 Rh7 19. Bg5 c5 20. Nf6+ Bxf6 21. Qxf6 Rb8 22. b3 h3 23. g3 Qc7 24. Bf3 Rb6 25. a4 d5 26. Bxd5 Rh5 27. Rad1 Rd6 28. Bc6+ 1-0

[Event "Bucharest-B"]
[Site "Bucharest"]
[Date "1992.??.??"]
[Round "?"]
[White "Moldovan, Daniel"]
[Black "Pasarelu, Dan"]
[Result "1-0"]
[WhiteElo "2435"]
[BlackElo "2305"]
[PlyCount "131"]
[EventDate "1992.??.??"]
[EventType "tourn"]
[EventRounds "13"]
[EventCountry "ROU"]
[EventCategory "5"]
[SourceTitle "EXT 1997"]
[Source "ChessBase"]
[SourceDate "1996.11.15"]
[SourceVersion "1"]
[SourceVersionDate "1996.11.15"]
[SourceQuality "1"]

1. e4 e5 2. Bc4 Be7 3. Qh5 g6 4. Qxe5 Nf6 5. Nc3 0-0 6. Nge2 Nc6 7. Qf4 Bd6 8. Qh4 Re8 9. d3 Re5 10. Nd5 Nxd5 11. Qxd8+ Nxd8 12. Bxd5 Re8 13. 0-0 c6 14. Bb3 Bc7 15. Be3 b6 16. Nc3 Nb7 17. a3 d6 18. d4 Na5 19. Ba2 Ba6 20. Rfe1 Nc4 21. Bc1 Rad8 22. b3 Na5 23. a4 d5 24. Bg5 Rd7 25. exd5 Rxe1+ 26. Rxe1 cxd5 27. Nb5 Kg7 28. Bd2 Bd8 29. b4 Nc4 30. Bxc4 dxc4 31. c3 Bxb5 32. axb5 g5 33. f3 h6 34. Kf2 Rd6 35. h3 f6 36. f4 Kf7 37. Kf3 Bc7 38. g4 Rd5 39. f5 Rxb5 40. Re6 a5 41. Rc6 Bd8 42. Rxc4 axb4 43. cxb4 Rd5 44. Ke4 Rd7 45. Rc6 Re7+ 46. Kd3 Ra7 47. d5 Ra1 48. Rd6 Ke7 49. Re6+ Kd7 50. Bc3 Rh1 51. Bxf6 Rxh3+ 52. Kc4 Rg3 53. Bxd8 Rxg4+ 54. Kb5 Kxd8 55. Rxh6 Kd7 56. Rxb6 Rf4 57. Kc5 Rxf5 58. Rb7+ Kc8 59. Rg7 Rf1 60. Rxg5 Rc1+ 61. Kb6 Kd7 62. b5 Kd6 63. Kb7 Rb1 64. b6 Kc5 65. Kc7 Kd4 66. d6 1-0

[Event "Bucharest-B"]
[Site "Bucharest"]
[Date "1992.??.??"]
[Round "?"]
[White "Pasarelu, Dan"]
[Black "Badea, Bela"]
[Result "0-1"]
[WhiteElo "2305"]
[BlackElo "2435"]
[PlyCount "114"]
[EventDate "1992.??.??"]
[EventType "tourn"]
[EventRounds "13"]
[EventCountry "ROU"]
[EventCategory "5"]
[SourceTitle "EXT 1997"]
[Source "ChessBase"]
[SourceDate "1996.11.15"]
[SourceVersion "1"]
[SourceVersionDate "1996.11.15"]
[SourceQuality "1"]

1. e4 c5 2. Nf3 e6 3. d4 cxd4 4. Nxd4 a6 5. Nc3 Qc7 6. Be2 Nf6 7. 0-0 Bb4 8. Bf3 0-0 9. Nce2 Nc6 10. Bg5 Be7 11. Bf4 Ne5 12. Nc3 b5 13. Re1 d6 14. a4 b4 15. Na2 Rb8 16. Bd2 d5 17. exd5 Nxf3+ 18. Qxf3 Nxd5 19. c3 Bb7 20. Qg4 Nf6 21. Bf4 Qd7 22. Qh3 Rbd8 23. Be5 bxc3 24. Nxc3 Ba8 25. Re3 Qb7 26. Rg3 g6 27. Rf3 Qxb2 28. Rb1 Qd2 29. Rxf6 Bxf6 30. Bxf6 Rxd4 31. Bxd4 Qxd4 32. Rd1 Qc4 33. Qe3 Rc8 34. Rc1 Qb4 35. h3 Qb7 36. f3 Qb4 37. Kh2 Qd6+ 38. Kg1 Qc5 39. Kf2 Kf8 40. Ne2 Qxe3+ 41. Kxe3 Rxc1 42. Nxc1 Bc6 43. a5 Ke7 44. Nd3 Kd6 45. h4 Bb5 46. Nf2 Bc6 47. g4 h6 48. f4 Kc5 49. g5 h5 50. Ne4+ Kb4 51. Nd6 Kxa5 52. Nxf7 Kb4 53. Kd4 a5 54. Ne5 Bb5 55. Nf3 a4 56. Ke5 a3 57. Nd4 Bd3 0-1

[Event "Bucharest-B"]
[Site "Bucharest"]
[Date "1992.??.??"]
[Round "?"]
[White "Pasarelu, Dan"]
[Black "Micalizzi, Giovanni"]
[Result "1-0"]
[WhiteElo "2305"]
[BlackElo "2325"]
[PlyCount "97"]
[EventDate "1992.??.??"]
[EventType "tourn"]
[EventRounds "13"]
[EventCountry "ROU"]
[EventCategory "5"]
[SourceTitle "EXT 1997"]
[Source "ChessBase"]
[SourceDate "1996.11.15"]
[SourceVersion "1"]
[SourceVersionDate "1996.11.15"]
[SourceQuality "1"]

1. e4 c5 2. Nf3 Nc6 3. d4 cxd4 4. Nxd4 g6 5. Be3 Bg7 6. Nc3 Nf6 7. Be2 0-0 8. 0-0 d6 9. Qd2 Nxd4 10. Bxd4 Qa5 11. Rad1 Be6 12. Bf3 Qa6 13. Rfe1 Nd7 14. Be2 Qc6 15. Bb5 Qc7 16. Bxg7 Kxg7 17. Bxd7 Qxd7 18. e5 Rfd8 19. Qd4 Kg8 20. exd6 Qxd6 21. Qxd6 exd6 22. Nb5 Rac8 23. Rd2 Rc6 24. b3 d5 25. c4 a6 26. Nc3 d4 27. Red1 b5 28. Rxd4 Rxd4 29. Rxd4 bxc4 30. b4 Rb6 31. a3 a5 32. b5 Kf8 33. a4 Ke7 34. Nd5+ Bxd5 35. Rxd5 Rd6 36. Rxd6 Kxd6 37. Kf1 f5 38. f4 Kc5 39. Ke2 Kd5 40. Kd2 Kd6 41. Kc2 Kd5 42. Kc3 Kc5 43. h3 h6 44. h4 Kd5 45. b6 Kc6 46. Kxc4 Kxb6 47. Kd5 Kc7 48. Ke5 Kc6 49. h5 1-0